[Event "Dimanche 2007.09.09"]
[Site "Montreal CAN"]
[Date "2007.09.09"]
[Round "1"]
[White "Gilman, Arkadiy"]
[Black "Lacroix, Serge"]
[Result "1-0"]
[WhiteElo "2068"]
[BlackElo "1989"]
[PlyCount "139"]
[EventDate "2007.09.09"]
[EventType "tourn"]
[EventRounds "1"]
[EventCountry "CAN"]

1. d4 Nf6 2. c4 g6 3. Nc3 d5 4. Bf4 Bg7 5. e3 dxc4 6. Bxc4 O-O 7. Nf3 Bg4 8. h3
Bxf3 9. Qxf3 c6 10. O-O Nbd7 11. Rfd1 Nb6 12. Bb3 Nbd5 13. Bg5 Nxc3 14. bxc3
Qa5 15. Bh4 Qxc3 16. Rac1 Qa5 17. e4 Qh5 18. Qxh5 Nxh5 19. d5 Bf6 20. Bxf6 Nxf6
21. dxc6 bxc6 22. e5 Ne4 23. Rd4 Ng5 24. Rxc6 Rad8 25. Rxd8 Rxd8 26. Rc7 e6 27.
Rxa7 Ne4 28. Rc7 Rd2 29. Rc2 Rd1+ 30. Kh2 Rd3 31. Bc4 Ra3 32. Bb3 Ra5 33. Kg1
h5 34. h4 g5 35. hxg5 Nxg5 36. Re2 Kg7 37. f4 Nh7 38. g3 Nf8 39. Rh2 Nd7 40.
Rxh5 Nc5 41. Rh2 Nxb3 42. axb3 Ra1+ 43. Kg2 Rb1 44. Kh3 Rxb3 45. Kg4 Kg6 46.
Ra2 Rc3 47. Ra8 Kg7 48. Kh4 Rf3 49. Rb8 Rf1 50. Kg5 Rg1 51. g4 Rg2 52. Rb7 Rg1
53. f5 exf5 54. e6 Rxg4+ 55. Kxf5 Rg1 56. Rxf7+ Kg8 57. Kf6 Rf1+ 58. Ke7 Rd1
59. Rf8+ Kg7 60. Rd8 Ra1 61. Ke8 Ra2 62. Rd7+ Kg6 63. e7 Kf6 64. Rd6+ Kg7 65.
Kd7 Ra7+ 66. Ke6 Ra8 67. Rd8 Ra6+ 68. Kd5 Ra5+ 69. Kc4 Re5 70. e8=Q 1-0

[Event "Dimanche 2007.09.09"]
[Site "Montreal CAN"]
[Date "2007.09.16"]
[Round "2"]
[White "Lacroix, Serge"]
[Black "Arsenault, Nicolas"]
[Result "0-1"]
[WhiteElo "1989"]
[BlackElo "2207"]
[PlyCount "129"]
[EventDate "2007.09.09"]
[EventType "tourn"]
[EventRounds "1"]
[EventCountry "CAN"]

1. e4 e6 2. d4 d5 3. Nc3 Nf6 4. Bg5 Bb4 5. Bxf6 gxf6 6. exd5 Qxd5 7. Nge2 Nc6
8. a3 Bxc3+ 9. bxc3 Bd7 10. Qd3 Na5 11. Nf4 Qg5 12. g3 Bc6 13. h4 Qh6 14. Bg2
Bxg2 15. Nxg2 O-O 16. O-O b6 17. Nf4 Rad8 18. Qe2 Kh8 19. Qh5 Qxh5 20. Nxh5 f5
21. Nf4 Nc4 22. Nd3 Nd2 23. Rfd1 Ne4 24. Ne5 f6 25. Nc6 Rd6 26. Nxa7 c6 27. c4
Ra8 28. Nxc6 Rxc6 29. d5 Rd6 30. dxe6 Rxe6 31. Rd5 Rc8 32. Rad1 Nc3 33. Rd8+
Rxd8 34. Rxd8+ Kg7 35. Rd3 Ne4 36. Rd5 Kg6 37. Kg2 Rc6 38. f3 Nd6 39. g4 fxg4
40. fxg4 Nxc4 41. h5+ Kh6 42. Rd3 Ne5 43. Rd2 Nxg4 44. Kf3 Kg5 45. Rd8 Rc3+ 46.
Ke4 f5+ 47. Kd5 Nf6+ 48. Ke6 Rxc2 49. h6 Ra2 50. Kf7 Ng4 51. Rd6 Nxh6+ 52. Kf8
f4 53. Rxb6 f3 54. Rb1 f2 55. Rf1 Nf5 56. a4 Ne3 57. Rxf2 Rxf2+ 58. Kg7 Ra2 59.
Kxh7 Rxa4 60. Kg7 Ra7+ 61. Kf8 Kf6 62. Ke8 Rh7 63. Kd8 Ke6 64. Kc8 Kd6 65. Kd8
0-1

[Event "Dimanche 2007.09.09"]
[Site "Montreal CAN"]
[Date "2007.09.30"]
[Round "4"]
[White "Lacroix, Serge"]
[Black "Cloutier, Mathieu"]
[Result "0-1"]
[WhiteElo "1989"]
[BlackElo "2048"]
[PlyCount "56"]
[EventDate "2007.09.09"]
[EventType "tourn"]
[EventRounds "1"]
[EventCountry "CAN"]

1. d4 Nf6 2. c4 e6 3. a3 c5 4. dxc5 g6 5. Nc3 Bg7 6. e4 O-O 7. Bf4 e5 8. Bg5 h6
9. Bxf6 Bxf6 10. Nf3 Na6 11. b4 Nc7 12. Be2 a5 13. O-O Bg7 14. Nd5 axb4 15.
axb4 Rxa1 16. Qxa1 d6 17. cxd6 Nxd5 18. cxd5 Qxd6 19. Qc3 f5 20. Nd2 Kh7 21.
Qc5 Qf6 22. f3 Qg5 23. Nc4 fxe4 24. fxe4 Bh3 25. Rf2 Bxg2 26. Rxf8 Bf3+ 27. Kf2
Qg2+ 28. Ke3 Qxe2# 0-1

[Event "Dimanche 2007.09.09"]
[Site "Montreal CAN"]
[Date "2007.10.21"]
[Round "5"]
[White "Gauthier, Denis"]
[Black "Lacroix, Serge"]
[Result "1-0"]
[WhiteElo "1996"]
[BlackElo "1989"]
[PlyCount "57"]
[EventDate "2007.09.09"]
[EventType "tourn"]
[EventRounds "1"]
[EventCountry "CAN"]

1. d4 d5 2. c4 c6 3. Nf3 e6 4. Nc3 Nf6 5. e3 Be7 6. Bd3 Nbd7 7. O-O O-O 8. b3
dxc4 9. bxc4 c5 10. Bb2 cxd4 11. exd4 b6 12. Qe2 Bb7 13. Rfe1 Re8 14. Rad1 Qc7
15. Ne5 Nxe5 16. dxe5 Qc6 17. Nd5 Nxd5 18. cxd5 exd5 19. Bb5 Qe6 20. Bxe8 Rxe8
21. Bd4 Bb4 22. Rf1 Qd7 23. f4 Qf5 24. Qb5 Rc8 25. Qxb4 Rc4 26. Qe7 Qc8 27. e6
f6 28. Qf7+ Kh8 29. e7 1-0

[Event "Fete du travail"]
[Site "Montreal CAN"]
[Date "2007.09.01"]
[Round "1"]
[White "Lacroix, Serge"]
[Black "Carrier, Claude"]
[Result "1/2-1/2"]
[WhiteElo "2014"]
[BlackElo "1928"]
[PlyCount "106"]
[EventDate "2007.09.01"]
[EventType "tourn"]
[EventRounds "5"]
[EventCountry "CAN"]

1. d4 Nf6 2. c4 g6 3. Nc3 d5 4. cxd5 Nxd5 5. e4 Nxc3 6. bxc3 c5 7. Be3 Bg7 8.
Bc4 O-O 9. Ne2 Nc6 10. Qd2 Qc7 11. Rc1 Na5 12. Bd3 f5 13. f3 fxe4 14. fxe4 e5
15. d5 c4 16. Bc2 Bd7 17. Bf2 b6 18. O-O Rf7 19. Be3 Raf8 20. Rxf7 Rxf7 21. Rf1
Rxf1+ 22. Kxf1 Qd6 23. h3 Nb7 24. Kg1 Bf8 25. Kh2 Qa3 26. Bb1 Bc5 27. Bh6 Bf8
28. Bg5 Be7 29. Bh6 Bf8 30. Bxf8 Qxf8 31. Ng3 Qf6 32. Qe2 Nd6 33. Bc2 Qf4 34.
Qf1 Qxf1 35. Nxf1 g5 36. g4 Kf7 37. Kg2 Ke7 38. Nd2 Be8 39. Kf3 b5 40. Ke3 h6
41. Bd1 Nf7 42. a4 a6 43. axb5 axb5 44. Nf3 Kd6 45. h4 Bd7 46. hxg5 Nxg5 47.
Ne1 Kc5 48. Nc2 Nh3 49. Nb4 Nf4 50. Na6+ Kd6 51. Nb4 Kc5 52. Na6+ Kd6 53. Nb4
Kc5 1/2-1/2

[Event "Fete du travail"]
[Site "Montreal CAN"]
[Date "2007.09.01"]
[Round "2"]
[White "Lacroix, Serge"]
[Black "Benoit, Sebastien"]
[Result "1-0"]
[WhiteElo "2014"]
[BlackElo "1880"]
[PlyCount "69"]
[EventDate "2007.09.01"]
[EventType "tourn"]
[EventRounds "5"]
[EventCountry "CAN"]

1. d4 Nf6 2. c4 c5 3. d5 e6 4. Nc3 exd5 5. cxd5 d6 6. e4 g6 7. Nf3 a6 8. a4 Bg4
9. Be2 Bxf3 10. Bxf3 Bg7 11. Bf4 O-O 12. O-O Qe7 13. Re1 Nbd7 14. Qc2 Ne5 15.
Be2 Nh5 16. Bxh5 gxh5 17. a5 Qf6 18. Bxe5 Qxe5 19. Ra3 f5 20. Rb3 Rf7 21. Re2
f4 22. f3 Qg5 23. Rb6 Bd4+ 24. Kf1 Qh4 25. h3 Qg3 26. Rxd6 Qh2 27. Ke1 Be3 28.
Kd1 Rg7 29. Qd3 Rxg2 30. e5 Rc8 31. Qf5 Qg1+ 32. Kc2 Qc1+ 33. Kb3 c4+ 34. Ka2
Rg1 35. Qxc8+ 1-0

[Event "Fete du travail"]
[Site "Montreal CAN"]
[Date "2007.09.02"]
[Round "3"]
[White "Houska, Jiri"]
[Black "Lacroix, Serge"]
[Result "1/2-1/2"]
[WhiteElo "2144"]
[BlackElo "2014"]
[PlyCount "63"]
[EventDate "2007.09.01"]
[EventType "tourn"]
[EventRounds "5"]
[EventCountry "CAN"]

1. e4 e5 2. Nf3 Nc6 3. Bb5 a6 4. Bxc6 dxc6 5. O-O Bg4 6. h3 Bxf3 7. Qxf3 Qf6 8.
Qxf6 Nxf6 9. d3 O-O-O 10. Nd2 Bd6 11. Nc4 Nd7 12. f4 exf4 13. Nxd6+ cxd6 14.
Bxf4 Nf8 15. c4 f6 16. b4 Ng6 17. Bg3 Ne5 18. Rfd1 Rhe8 19. a4 Kd7 20. a5 Ke6
21. Rac1 h6 22. d4 Nf7 23. d5+ Kd7 24. c5 Rxe4 25. dxc6+ bxc6 26. Bxd6 Nxd6 27.
Rxd6+ Kc7 28. Rcd1 Rxd6 29. Rxd6 Rxb4 30. Re6 Kd7 31. Rd6+ Kc7 32. Re6 1/2-1/2

[Event "Fete du travail"]
[Site "Montreal CAN"]
[Date "2007.09.02"]
[Round "4"]
[White "Lacroix, Serge"]
[Black "Tremblay, Sigfrid"]
[Result "0-1"]
[WhiteElo "2014"]
[BlackElo "1926"]
[PlyCount "76"]
[EventDate "2007.09.01"]
[EventType "tourn"]
[EventRounds "5"]
[EventCountry "CAN"]

1. d4 f5 2. Nc3 Nf6 3. Bg5 e6 4. Bxf6 Qxf6 5. g3 Bb4 6. Bg2 d5 7. Nf3 Nd7 8.
O-O c6 9. e3 O-O 10. Qd3 e5 11. dxe5 Nxe5 12. Nxe5 Qxe5 13. Nd1 b5 14. Qd4 Qxd4
15. exd4 f4 16. c3 Bd6 17. Re1 Bd7 18. a4 Rae8 19. Rxe8 Rxe8 20. Kf1 Bf5 21.
Bf3 g5 22. g4 Bd3+ 23. Kg2 Re1 24. h3 Bf1+ 25. Kh2 Be2 26. Kg2 Bf1+ 27. Kh2
bxa4 28. Rc1 Bd3 29. Kg2 a5 30. Ra1 Kf7 31. h4 Bf1+ 32. Kh2 gxh4 33. g5 Be2 34.
Bxe2 f3+ 35. Kh3 fxe2 36. Rxa4 exd1=Q 37. Rxa5 Rh1+ 38. Kg2 Rh2# 0-1

[Event "Fete du travail"]
[Site "Montreal CAN"]
[Date "2007.09.03"]
[Round "5"]
[White "Gauthier, Denis"]
[Black "Lacroix, Serge"]
[Result "1-0"]
[WhiteElo "1980"]
[BlackElo "2014"]
[PlyCount "133"]
[EventDate "2007.09.01"]
[EventType "tourn"]
[EventRounds "5"]
[EventCountry "CAN"]

1. d4 Nf6 2. c4 g6 3. Nc3 d6 4. Nf3 Bg7 5. Bf4 e6 6. h3 b6 7. e4 Nbd7 8. Bd3
Bb7 9. Qd2 h6 10. O-O a6 11. d5 e5 12. Be3 g5 13. Nh2 Nc5 14. b4 Nxd3 15. Qxd3
Nh5 16. g3 Qd7 17. Ng4 Nf6 18. Nxf6+ Bxf6 19. Kg2 Be7 20. Rac1 O-O 21. g4 h5
22. f3 a5 23. a3 axb4 24. axb4 Ra3 25. Ra1 Rfa8 26. Rxa3 Rxa3 27. Qd2 f6 28.
Qb2 Ra8 29. Ra1 Qc8 30. Ra2 h4 31. Qa1 Rxa2+ 32. Qxa2 Qa8 33. Qxa8+ Bxa8 34.
Kf2 Kf7 35. Ke2 Bb7 36. Kd3 Ba6 37. Nd1 Ke8 38. Kc3 b5 39. Nb2 Kd7 40. Nd3 bxc4
41. Nb2 c6 42. Nxc4 cxd5 43. exd5 Bd8 44. Bf2 Bb5 45. Be3 Ba4 46. Nb2 Bb5 47.
Nc4 Bc7 48. Bf2 Kc8 49. Be3 Ba6 50. Bf2 Bb7 51. Ne3 Bb6 52. Kc4 Kc7 53. Nd1
Bxf2 54. Nxf2 Kb6 55. b5 Bc8 56. Ne4 f5 57. Nxd6 fxg4 58. Nxc8+ Kb7 59. fxg4
Kxc8 60. d6 Kd7 61. Kd5 e4 62. Kxe4 Kxd6 63. Kf5 Kc5 64. Kxg5 Kxb5 65. Kxh4 Kc6
66. Kg5 Kd6 67. Kf6 1-0

[Event "Myriam Roy II"]
[Site "Montreal CAN"]
[Date "2007.08.23"]
[Round "1"]
[White "Lacroix, Serge"]
[Black "Bolduc, Steve"]
[Result "0-1"]
[WhiteElo "2027"]
[BlackElo "2262"]
[PlyCount "198"]
[EventDate "2007.08.23"]
[EventType "tourn"]
[EventRounds "7"]
[EventCountry "CAN"]

1. d4 Nf6 2. c4 e6 3. a3 c5 4. e3 cxd4 5. exd4 d5 6. Nf3 Be7 7. Nc3 O-O 8. Be2
b6 9. O-O Bb7 10. Be3 Nc6 11. Rc1 Ne4 12. cxd5 exd5 13. Ne5 Rc8 14. Nxe4 dxe4
15. Nxc6 Rxc6 16. Rxc6 Bxc6 17. Qc2 Bb7 18. Rc1 Bd6 19. Qa4 Bb8 20. Ba6 Bxa6
21. Qxa6 Qd7 22. Qc4 h5 23. Qc6 Qf5 24. Qb7 h4 25. Qe7 h3 26. Qg5 Qd7 27. Qh4
hxg2 28. Qxe4 Re8 29. Qc6 Qd8 30. Kxg2 Qe7 31. b4 Rd8 32. Qf3 Qd6 33. h3 Rf8
34. Rc6 Qd7 35. Rc4 f5 36. d5 f4 37. Bd4 Rf5 38. Bb2 Kh7 39. Qe4 f3+ 40. Kf1
Qxd5 41. Ke1 Qxe4+ 42. Rxe4 Rf7 43. Kd2 Bf4+ 44. Kd3 g5 45. Kc4 Rc7+ 46. Kb5
Kg6 47. h4 Kf5 48. Re8 gxh4 49. Rf8+ Kg4 50. Rg8+ Kh3 51. Rf8 Bc1 52. Be5 Re7
53. Bd6 Re6 54. Rxf3+ Kg2 55. Rd3 Kxf2 56. Bb8 Be3 57. Ka6 h3 58. b5 Re7 59. a4
Kg2 60. Rc3 Bf2 61. Rc6 Rg7 62. Rc2 Rh7 63. Rd2 Rg7 64. Rc2 Rg4 65. Ra2 Rg7 66.
Rc2 Rf7 67. a5 bxa5 68. Kxa5 h2 69. Bxh2 Kxh2 70. Rc6 Kg3 71. Re6 Kf4 72. Re2
Bb6+ 73. Ka6 Kf5 74. Re1 Kf6 75. Rf1+ Ke6 76. Re1+ Kd5 77. Rh1 Bd4 78. Rc1 Rf6+
79. Ka5 Bb6+ 80. Ka4 Rf4+ 81. Kb3 Rf3+ 82. Ka4 Rd3 83. Rh1 Kc4 84. Rc1+ Rc3 85.
Rh1 Rc2 86. Ra1 Bd4 87. Ra3 Rc1 88. Ka5 Rb1 89. Ra4+ Kd5 90. Ra2 Bb6+ 91. Ka4
Rc1 92. Kb4 Rc4+ 93. Kb3 Kc5 94. Rh2 Kxb5 95. Rh7 a5 96. Rh5+ Bc5 97. Rh8 a4+
98. Kb2 Bd4+ 99. Ka3 Bxh8 0-1

[Event "Myriam Roy II"]
[Site "Montreal CAN"]
[Date "2007.08.24"]
[Round "2"]
[White "Malveau, Cedric"]
[Black "Lacroix, Serge"]
[Result "0-1"]
[WhiteElo "2063"]
[BlackElo "2027"]
[PlyCount "95"]
[EventDate "2007.08.23"]
[EventType "tourn"]
[EventRounds "7"]
[EventCountry "CAN"]

1. d4 Nf6 2. Nf3 e6 3. c4 b6 4. a3 Bb7 5. Nc3 d6 6. Bg5 h6 7. Bh4 g6 8. Qc2 c5
9. dxc5 g5 10. Bg3 bxc5 11. Rd1 a6 12. e4 Qb6 13. e5 g4 14. Nd2 Nh5 15. Nde4
Nc6 16. Nxd6+ Bxd6 17. Rxd6 Qa5 18. Qe4 Qc7 19. Qxg4 Nxg3 20. Qxg3 Ne7 21. Qf4
Nf5 22. Rd2 Rd8 23. Rxd8+ Qxd8 24. Ne4 Bxe4 25. Qxe4 Qa5+ 26. Kd1 O-O 27. Bd3
Rd8 28. Kc1 Rd4 29. Qe2 Qa4 30. Qc2 Qc6 31. Bxf5 exf5 32. f3 Qe6 33. Re1 Rxc4
34. b3 Rxc2+ 35. Kxc2 Kf8 36. f4 Ke7 37. Rd1 Qc6 38. g3 h5 39. Kc3 a5 40. Rd6
Qg2 41. Rd2 Qe4 42. Rd3 a4 43. bxa4 Qxa4 44. Kb2 Qb5+ 45. Kc2 c4 46. Rc3 Qc5
47. Kb2 Qd4 48. h4 0-1

[Event "Myriam Roy II"]
[Site "Montreal CAN"]
[Date "2007.08.25"]
[Round "4"]
[White "Lacroix, Serge"]
[Black "Arsenault, Nicolas"]
[Result "0-1"]
[WhiteElo "2027"]
[BlackElo "2191"]
[PlyCount "136"]
[EventDate "2007.08.23"]
[EventType "tourn"]
[EventRounds "7"]
[EventCountry "CAN"]

1. d4 Nf6 2. c4 e6 3. a3 c5 4. e3 b6 5. Nc3 d6 6. Nf3 cxd4 7. exd4 Be7 8. Bd3
O-O 9. O-O Bb7 10. Bf4 a6 11. Re1 Nbd7 12. Qe2 Re8 13. Ng5 Bf8 14. Rad1 h6 15.
Nge4 Nxe4 16. Nxe4 Nf6 17. Nxf6+ Qxf6 18. Bg3 Qd8 19. h4 d5 20. f3 dxc4 21.
Bxc4 b5 22. Ba2 Bd5 23. Bb1 Be7 24. Be4 Rc8 25. Bxd5 Qxd5 26. Bf2 Bf6 27. Rd2
Red8 28. Red1 a5 29. g3 a4 30. Kg2 Rc4 31. Qd3 b4 32. Rc2 Rxc2 33. Qxc2 b3 34.
Qc3 e5 35. Qb4 exd4 36. Qxa4 d3 37. Rd2 Bxb2 38. Rxb2 d2 39. Rxd2 Qxd2 40. Qxb3
Qd3 41. Qxd3 Rxd3 42. Bc5 Rd2+ 43. Kh3 g6 44. g4 f5 45. h5 g5 46. gxf5 Rd5 47.
Bb6 Rxf5 48. Kg3 Rf4 49. Bc5 Rc4 50. Bd6 Kh7 51. Be7 Rh4 52. Bd8 Rxh5 53. a4
Rh4 54. a5 Ra4 55. Bb6 Kg6 56. Bc7 Kf5 57. Bd8 h5 58. Bc7 Ra3 59. Kg2 Ra2+ 60.
Kg1 g4 61. fxg4+ Kxg4 62. Kh1 Kh3 63. Kg1 h4 64. Kf1 Ra1+ 65. Ke2 Kg2 66. Kd3
h3 67. Kc4 Rc1+ 68. Kb5 Rxc7 0-1

[Event "Myriam Roy II"]
[Site "Montreal CAN"]
[Date "2007.08.26"]
[Round "5"]
[White "Le Duin, Thierry"]
[Black "Lacroix, Serge"]
[Result "0-1"]
[WhiteElo "2082"]
[BlackElo "2027"]
[PlyCount "82"]
[EventDate "2007.08.23"]
[EventType "tourn"]
[EventRounds "7"]
[EventCountry "CAN"]

1. d4 Nf6 2. c4 e6 3. a3 b6 4. Bg5 h6 5. Bh4 Bb7 6. e3 g6 7. Nf3 d6 8. Nc3 Bg7
9. h3 O-O 10. Be2 Qe7 11. O-O a6 12. Qc2 Nbd7 13. Nd2 g5 14. Bg3 Nh7 15. Bf3
Bxf3 16. Nxf3 f5 17. Rad1 Nhf6 18. Rfe1 Nh5 19. Bh2 Rf7 20. Kh1 Raf8 21. Re2
Ndf6 22. Rg1 Nh7 23. Bg3 Bf6 24. d5 Bxc3 25. bxc3 e5 26. Bh2 Kh8 27. Ne1 g4 28.
Bg3 Qf6 29. Rf1 Rg8 30. h4 Nf8 31. Kg1 f4 32. exf4 exf4 33. Bh2 Qxh4 34. Re4
Qg5 35. Qd2 Qf5 36. Rd4 Rf6 37. Nd3 Ng6 38. g3 Ne5 39. Nxe5 dxe5 40. Rd3 e4 41.
Rd4 fxg3 0-1

[Event "Myriam Roy II"]
[Site "Montreal CAN"]
[Date "2007.08.26"]
[Round "6"]
[White "Lacroix, Serge"]
[Black "Libersan, Thierry"]
[Result "1-0"]
[WhiteElo "2027"]
[BlackElo "2027"]
[PlyCount "117"]
[EventDate "2007.08.23"]
[EventType "tourn"]
[EventRounds "7"]
[EventCountry "CAN"]

1. d4 Nf6 2. c4 g6 3. Nc3 Bg7 4. e4 d6 5. Be2 O-O 6. Nf3 e5 7. Be3 Ng4 8. Bg5
f6 9. Bh4 g5 10. Bg3 Nh6 11. dxe5 fxe5 12. h3 Nc6 13. c5 Be6 14. cxd6 cxd6 15.
Qd2 Nf7 16. h4 g4 17. Ng5 Nxg5 18. Qxg5 Nd4 19. Qxd8 Raxd8 20. Bd3 Rf7 21. Ne2
Nc6 22. a3 d5 23. O-O-O d4 24. Kb1 h5 25. Nc1 Ne7 26. Be2 Ng6 27. Nd3 Rc8 28.
Rc1 Rfc7 29. Rxc7 Rxc7 30. f3 Bc4 31. fxg4 hxg4 32. h5 Bxd3+ 33. Bxd3 Nf4 34.
Bxf4 exf4 35. Rh4 Be5 36. Rxg4+ Rg7 37. Rxg7+ Kxg7 38. Kc2 Kf6 39. Kb3 Ke7 40.
Kc4 Kd6 41. b4 Bh8 42. h6 Be5 43. Be2 Bh8 44. Bg4 Bf6 45. a4 Bh8 46. a5 Bf6 47.
h7 Bh8 48. Bh5 Bg7 49. Bf7 Bh8 50. Bd5 b6 51. Kb5 Kc7 52. Ka6 bxa5 53. bxa5 Kb8
54. Bc4 Bg7 55. Kb5 Kc7 56. Kc5 Kd7 57. Kd5 Bh8 58. e5 Ke7 59. Kxd4 1-0

[Event "Myriam Roy II"]
[Site "Montreal CAN"]
[Date "2007.08.27"]
[Round "7"]
[White "Roy, Myriam"]
[Black "Lacroix, Serge"]
[Result "1/2-1/2"]
[WhiteElo "1925"]
[BlackElo "2027"]
[PlyCount "54"]
[EventDate "2007.08.23"]
[EventType "tourn"]
[EventRounds "7"]
[EventCountry "CAN"]

1. e4 Nf6 2. e5 Nd5 3. c4 Nb6 4. d4 d6 5. f4 dxe5 6. fxe5 e6 7. Nc3 c5 8. d5
exd5 9. cxd5 Qh4+ 10. g3 Qd4 11. Bf4 g5 12. Bxg5 Qxe5+ 13. Qe2 Bg7 14. Qxe5+
Bxe5 15. Bb5+ Bd7 16. Bxd7+ N8xd7 17. Nge2 f6 18. Bf4 Nc4 19. O-O-O Nd6 20.
Bxe5 fxe5 21. Rhf1 Rf8 22. Rxf8+ Kxf8 23. g4 Ke7 24. Rf1 Rf8 25. Rxf8 Kxf8 26.
Ng3 Ke7 27. Kc2 b6 1/2-1/2

[Event "Lanaudiere"]
[Site "Repentigny CAN"]
[Date "2007.08.18"]
[Round "2"]
[White "Beauchamp, Pierre"]
[Black "Lacroix, Serge"]
[Result "1/2-1/2"]
[WhiteElo "2053"]
[BlackElo "1924"]
[PlyCount "44"]
[EventDate "2007.08.17"]
[EventType "swiss"]
[EventRounds "5"]
[EventCountry "CAN"]

1. e4 e5 2. Nf3 Nc6 3. Bc4 Nf6 4. d3 Bc5 5. Nc3 d6 6. Bg5 Bg4 7. Nd5 Nd4 8. c3
Nxf3+ 9. gxf3 Bh5 10. d4 c6 11. dxc5 cxd5 12. Bxd5 dxc5 13. Qd3 Qd7 14. Bxf6
gxf6 15. O-O-O O-O-O 16. Qe3 Qc7 17. Rhg1 Rhg8 18. Rg3 Kb8 19. Qh6 Rxg3 20.
fxg3 Bxf3 21. Rf1 Bg4 22. Rxf6 Be6 1/2-1/2

[Event "Lanaudiere"]
[Site "Repentigny CAN"]
[Date "2007.08.18"]
[Round "3"]
[White "Lacroix, Serge"]
[Black "Chevalier, Francois"]
[Result "1/2-1/2"]
[WhiteElo "1924"]
[BlackElo "1800"]
[PlyCount "102"]
[EventDate "2007.08.17"]
[EventType "swiss"]
[EventRounds "5"]
[EventCountry "CAN"]

1. e4 c6 2. d4 d5 3. Nc3 dxe4 4. Nxe4 Nd7 5. Nf3 Ngf6 6. Bd3 Nxe4 7. Bxe4 Nf6
8. Bd3 Bg4 9. Be2 e6 10. Bf4 Bd6 11. Bxd6 Qxd6 12. c3 O-O 13. Ne5 Bxe2 14. Qxe2
Nd7 15. Nc4 Qc7 16. O-O b5 17. Nd2 Nf6 18. a4 a6 19. Nf3 Rfd8 20. Ne5 Nd7 21.
Nd3 Re8 22. Rfe1 Rab8 23. axb5 axb5 24. Qf3 Ra8 25. Nb4 Rxa1 26. Rxa1 Rc8 27.
h4 h6 28. g3 Nb8 29. g4 Re8 30. g5 hxg5 31. hxg5 c5 32. dxc5 Qxc5 33. Qg3 g6
34. Qe3 Qf5 35. Ra8 Rf8 36. Qg3 Nd7 37. Rxf8+ Nxf8 38. Nc6 Kh8 39. Qe5+ Qxe5
40. Nxe5 Kg7 41. f4 f6 42. Nf3 Nd7 43. Nd4 e5 44. gxf6+ Kxf6 45. fxe5+ Kxe5 46.
Nxb5 Kd5 47. Kf2 Kc4 48. Nd4 Nc5 49. Ke3 Nd3 50. b4 Nxb4 51. cxb4 Kxb4 1/2-1/2

[Event "Lanaudiere"]
[Site "Repentigny CAN"]
[Date "2007.08.19"]
[Round "4"]
[White "Le Duin, Thierry"]
[Black "Lacroix, Serge"]
[Result "1/2-1/2"]
[WhiteElo "2065"]
[BlackElo "1924"]
[PlyCount "52"]
[EventDate "2007.08.17"]
[EventType "swiss"]
[EventRounds "5"]
[EventCountry "CAN"]

1. d4 Nf6 2. Nf3 g6 3. c4 Bg7 4. Nc3 d5 5. c5 c6 6. Bf4 Nh5 7. Bg5 h6 8. Be3
Nd7 9. g4 Nhf6 10. h3 b6 11. b4 bxc5 12. bxc5 Qc7 13. Bg2 e5 14. dxe5 Nxe5 15.
Nxe5 Qxe5 16. Bd4 Qe6 17. O-O O-O 18. Qa4 Bd7 19. Rab1 Rfb8 20. Rxb8+ Rxb8 21.
Qc2 Rb4 22. e3 h5 23. g5 Ne4 24. Bxg7 Kxg7 25. Bxe4 dxe4 26. Rd1 Bc8 1/2-1/2

[Event "Lanaudiere"]
[Site "Repentigny CAN"]
[Date "2007.08.19"]
[Round "5"]
[White "Lacroix, Serge"]
[Black "Paquin, Pierre"]
[Result "1-0"]
[WhiteElo "1924"]
[BlackElo "1665"]
[PlyCount "93"]
[EventDate "2007.08.17"]
[EventType "swiss"]
[EventRounds "5"]
[EventCountry "CAN"]

1. e4 c5 2. Nf3 Nc6 3. d4 cxd4 4. Nxd4 d6 5. Nc3 Nf6 6. Bg5 Qa5 7. Bxf6 gxf6 8.
Nb3 Qg5 9. Nd5 Kd8 10. f4 Qg7 11. Qd2 e6 12. Nc3 a6 13. O-O-O Be7 14. Bd3 Rg8
15. g3 Kc7 16. Qf2 Rb8 17. Rhe1 Re8 18. Nd4 f5 19. Nxc6 bxc6 20. e5 d5 21. Na4
Qf8 22. Qa7+ Rb7 23. Qxa6 Bb4 24. c3 Rb8 25. Qa7+ Rb7 26. Qe3 Be7 27. Ba6 c5
28. Bxb7 Bxb7 29. b4 cxb4 30. Qb6+ Kb8 31. cxb4 Bxb4 32. Re2 Ba3+ 33. Kb1 Rc8
34. Rc2 Rxc2 35. Kxc2 Qc8+ 36. Nc3 Bc5 37. Qb3 Ka8 38. Rb1 d4 39. Qxb7+ Qxb7
40. Rxb7 Kxb7 41. Nb5 Kc6 42. a4 d3+ 43. Kxd3 Bg1 44. h3 Bh2 45. Nd4+ Kc5 46.
Ne2 Kb4 47. Ke3 1-0

[Event "Quebec op U2300"]
[Site "Montreal CAN"]
[Date "2007.07.21"]
[Round "2"]
[White "Lacroix, Serge"]
[Black "Robichaud, Louis"]
[Result "0-1"]
[WhiteElo "1915"]
[BlackElo "2088"]
[PlyCount "100"]
[EventDate "2007.07.20"]
[EventType "swiss"]
[EventRounds "9"]
[EventCountry "CAN"]

1. e4 e5 2. Nf3 Nc6 3. Bb5 a6 4. Ba4 Nf6 5. O-O Nxe4 6. Re1 Nc5 7. Bxc6 dxc6 8.
d4 Ne6 9. Nxe5 Be7 10. c3 O-O 11. Nd2 c5 12. Ndf3 cxd4 13. cxd4 Qd5 14. Be3 f6
15. Nd3 Bd6 16. Nc5 Nf4 17. Bxf4 Bxf4 18. Qb3 Qxb3 19. Nxb3 b6 20. g3 Bd6 21.
Nfd2 Bb7 22. f4 Rfd8 23. Rac1 Rac8 24. Kf2 Kf7 25. Ne4 Bb4 26. Re2 a5 27. a3
Bf8 28. Nc3 Ba6 29. Rd2 Rd7 30. d5 Bc4 31. Na1 Bc5+ 32. Kf3 Rcd8 33. Nc2 Bxd5+
34. Nxd5 Rxd5 35. Re2 Rd1 36. Rxd1 Rxd1 37. b4 axb4 38. axb4 Bd6 39. h4 Rb1 40.
Re4 Rb2 41. Rc4 Rb3+ 42. Kg2 b5 43. Rc6 Ke8 44. Nd4 Rxb4 45. Nf5 Kd7 46. Ra6
Ra4 47. Rxd6+ cxd6 48. Nxg7 b4 49. Nh5 b3 50. Nxf6+ Ke6 0-1

[Event "Quebec op U2300"]
[Site "Montreal CAN"]
[Date "2007.07.25"]
[Round "6"]
[White "Lacroix, Serge"]
[Black "Regnier, Alain"]
[Result "0-1"]
[WhiteElo "1919"]
[BlackElo "2102"]
[PlyCount "70"]
[EventDate "2007.07.20"]
[EventType "swiss"]
[EventRounds "9"]
[EventCountry "CAN"]

1. e4 e6 2. d4 d5 3. Nc3 Nf6 4. Bg5 Be7 5. e5 Nfd7 6. Bxe7 Qxe7 7. f4 a6 8. Nf3
c5 9. Qd2 Nc6 10. O-O-O O-O 11. dxc5 Nxc5 12. Nd4 Bd7 13. Be2 b5 14. Nxc6 Bxc6
15. Bf3 Rac8 16. Kb1 f6 17. exf6 Qxf6 18. Ne2 Na4 19. Qd4 Qe7 20. Rhe1 Be8 21.
b3 Qa3 22. bxa4 Rc4 23. Qe5 Rf5 24. Qb2 Rb4 25. Qxb4 Qxb4+ 26. Kc1 Qa3+ 27. Kb1
Rf8 28. Bg4 Bf7 29. Nd4 bxa4 30. Nc6 Rc8 31. Rd3 Qc5 32. Ne5 Qb4+ 33. Kc1 Qxe1+
34. Kb2 Qb4+ 35. Kc1 Qxf4+ 0-1

[Event "Mercredi 2007.05.16"]
[Site "Montreal CAN"]
[Date "2007.05.16"]
[Round "1"]
[White "Lacroix, Serge"]
[Black "Poirier, Erik"]
[Result "0-1"]
[WhiteElo "2046"]
[BlackElo "2016"]
[PlyCount "64"]
[EventDate "2007.05.16"]
[EventType "tourn"]
[EventRounds "6"]
[EventCountry "CAN"]

1. e4 c5 2. Nf3 Nc6 3. d4 cxd4 4. Nxd4 Nf6 5. Nc3 e5 6. Ndb5 d6 7. Bg5 a6 8.
Na3 b5 9. Bxf6 gxf6 10. Nd5 Bg7 11. Bd3 Ne7 12. Nxe7 Qxe7 13. c3 f5 14. O-O O-O
15. Nc2 Qb7 16. Re1 d5 17. exf5 e4 18. Be2 Bxf5 19. Nd4 Bg6 20. Qd2 Rab8 21. a3
Rbe8 22. h4 e3 23. fxe3 Bh6 24. Bf3 Qe7 25. h5 Be4 26. Kf2 Qh4+ 27. Kg1 Bxf3
28. gxf3 Kh8 29. Qh2 Bxe3+ 30. Kh1 Qf6 31. Qh3 Re5 32. Rxe3 Rxe3 0-1

[Event "Mercredi 2007.05.16"]
[Site "Montreal CAN"]
[Date "2007.05.23"]
[Round "2"]
[White "Boulay, David"]
[Black "Lacroix, Serge"]
[Result "1-0"]
[WhiteElo "2131"]
[BlackElo "2046"]
[PlyCount "113"]
[EventDate "2007.05.16"]
[EventType "tourn"]
[EventRounds "6"]
[EventCountry "CAN"]

1. e4 Nf6 2. e5 Nd5 3. d4 d6 4. Nf3 Nc6 5. Be2 g6 6. exd6 cxd6 7. c4 Nb6 8. d5
Ne5 9. Nxe5 dxe5 10. b3 Bg7 11. Bb2 O-O 12. O-O e6 13. dxe6 Bxe6 14. Bf3 Qc7
15. Na3 Rad8 16. Qc1 f5 17. Nb5 Qb8 18. Qe3 e4 19. Bxg7 Kxg7 20. Be2 Nc8 21. f3
a6 22. Nd4 Qe5 23. Rad1 Bg8 24. Rd2 Rde8 25. Rfd1 exf3 26. Qxe5+ Rxe5 27. Bxf3
Nd6 28. Ne6+ Bxe6 29. Rxd6 b5 30. c5 Rc8 31. b4 Bxa2 32. Rxa6 Bc4 33. Ra7+ Kh6
34. Rdd7 Kg5 35. Rxh7 Re1+ 36. Kf2 Rf1+ 37. Ke3 Re8+ 38. Kd4 Rf2 39. h4+ Kf4
40. c6 Rd8+ 41. Kc5 Rc2 42. Kb6 Rd6 43. Rad7 Re6 44. Rhe7 Rxe7 45. Rxe7 g5 46.
hxg5 Kxg5 47. c7 Bd3 48. Bc6 Be4 49. Rxe4 fxe4 50. c8=Q Kf4 51. Qf8+ Ke3 52. g4
Kd2 53. Bxe4 Rc4 54. Qf2+ Kc3 55. Ka5 Rxe4 56. Qf3+ Kd4 57. Qxe4+ 1-0